Million dollar habits

Bibliographic Details
Format: Book

MARC

LEADER 00000cam a2200000 7i4500
001 0000009001
002 000009804
005 20000330.0
020 |a 0922066299 
090 0 0 |a 658.409   |b RIN 
245 1 0 |a Million dollar habits 
999 |a 048301   |b BUKU   |c PINJAMAN   |e PERPUSTAKAAN KOMUNITI PETALING JAYA